[Event "Match"]
[Site "www.echecsemail.com"]
[Date "2015.10.17"]
[Round "1"]
[White "Ericleo1980"]
[Black "Canario"]
[WhiteElo "2260"]
[BlackElo "1750"]
[Result "1-0"]
[Round "1"]
1.d4 Ng8f6
2.c4 d5
3.cxd5 Nf6xd5
4.e4 Nd5b6
5.h3 e5
6.d5 Bf8c5
7.Ng1f3 Nb8d7
8.Bf1b5 a6
9.Bb5xd7 Qd8xd7
10.O-O Bc5d6
11.Bc1e3 Nb6c4
12.Be3c1 O-O
13.b3 Nc4b6
14.Bc1e3 Qd7e7
15.Be3xb6 cxb6
16.Nb1d2 b5
17.Ra1c1 h6
18.Rc1c3 Bc8d7
19.Qd1a1 Ra8c8
20.Rf1c1 Bd6b4
21.Rc3c2 Qe7d6
22.Nd2b1 a5
23.Qa1xe5 Rf8e8
24.Rc2xc8 Bd7xc8
25.Qe5xe8 Qd6f8
26.Rc1xc8 { resign }
1-0

[Event "1/64 Finale"]
[Site "www.chess-mail.com"]
[Date "2015.10.17"]
[Round "1"]
[White "Bevittsmith"]
[Black "Bluetealeaf"]
[WhiteElo "2260"]
[BlackElo "1790"]
[Result "1-0"]
[Round "1"]
1.e4 e5
2.Ng1f3 Nb8c6
3.Bf1b5 a6
4.Bb5a4 b5
5.Ba4b3 Qd8f6
6.Nb1c3 Qf6d6
7.d3 b4
8.Nc3d5 Ng8f6
9.O-O Nf6xd5
10.Bb3xd5 Bf8e7
11.Nf3g5 O-O
12.f4 Bc8b7
13.fxe5 Nc6xe5
14.Bd5xb7 Ra8b8
15.Bb7d5 Qd6g6
16.Ng5f3 Ne5g4
17.h3 Ng4f6
18.Bd5b3 Nf6h5
19.Nf3e5 Qg6g3
20.Qd1xh5 Rb8b5
21.Bc1f4 Be7c5
22.Kh1 Qg3f2
23.Rf1xf2 Bc5xf2
24.Bb3xf7 Kh8
25.Ne5g6 
1-0

[Event "Fast Game"]
[Site "www.echecsemail.com"]
[Date "2015.10.17"]
[Round "1"]
[White "Maredocla"]
[Black "Cardiff"]
[WhiteElo "1669"]
[BlackElo "1680"]
[Result "1-0"]
[Round "1"]
1.g3 d5
2.Bf1g2 c6
3.b3 Ng8f6
4.Bc1b2 Bc8f5
5.d3 e6
6.Nb1d2 d4
7.e4 Bf5g6
8.Ng1e2 c5
9.e5 Nf6d5
10.Ne2f4 Nb8c6
11.O-O Bf8e7
12.Rf1e1 Ra8c8
13.Qd1f3 Nd5xf4
14.gxf4 O-O
15.Qf3g3 Qd8c7
16.Nd2e4 b5
17.Bg2h3 Rf8d8
18.Kh1 Nc6b4
19.Re1e2 c4
20.a3 Nb4a6
21.Ra1g1 Qc7c6
22.f5 exf5
23.Bh3xf5 cxd3
24.cxd3 Qc6b7
25.Bf5xc8 { resign }
1-0

[Event "Tourn. n8435"]
[Site "www.chess-mail.com"]
[Date "2015.10.18"]
[Round "1"]
[White "Goosebumps"]
[Black "Osmundw"]
[WhiteElo "1699"]
[BlackElo "1639"]
[Result "1-0"]
[Round "1"]
1.e4 c6
2.d4 d5
3.Nb1c3 Ng8f6
4.e5 Nf6d7
5.Bf1d3 c5
6.Ng1f3 cxd4
7.Nc3e2 g5
8.Bc1xg5 h6
9.Bg5h4 f6
10.Bd3g6 { resign }
1-0

[Event "Tourn. n8417"]
[Site "www.chess-mail.com"]
[Date "2015.10.18"]
[Round "1"]
[White "Goosebumps"]
[Black "Passaroa25"]
[WhiteElo "1699"]
[BlackElo "1640"]
[Result "1-0"]
[Round "1"]
1.e4 c6
2.d4 d6
3.Ng1f3 f6
4.Nb1c3 Bc8e6
5.Bf1d3 Be6f7
6.O-O Nb8d7
7.Rf1e1 Nd7b6
8.e5 Nb6d7
9.e6 Bf7g6
10.Bd3xg6 hxg6
11.Qd1d3 Nd7b6
12.Qd3xg6 
1-0

[Event "Tourn. n8389"]
[Site "www.chess-mail.com"]
[Date "2015.10.18"]
[Round "1"]
[White "Sonivano"]
[Black "Terrible"]
[WhiteElo "2330"]
[BlackElo "2310"]
[Result "0-1"]
[Round "1"]
1.e4 e5
2.Ng1f3 Nb8c6
3.Bf1c4 Ng8f6
4.Nf3g5 d5
5.exd5 Nc6a5
6.Bc4b5 c6
7.dxc6 bxc6
8.Bb5e2 h6
9.Ng5f3 e4
10.Nf3e5 Bf8d6
11.f4 exf3
12.Ne5xf3 O-O
13.O-O c5
14.Nb1c3 Rf8e8
15.d3 Bc8b7
16.Bc1d2 Na5c6
17.Nc3b5 Bd6b8
18.Nb5a3 Nc6d4
19.Rf1e1 Qd8d6
20.g3 Re8xe2
{ resign }
0-1

[Event "Tourn. n8362"]
[Site "www.chess-mail.com"]
[Date "2015.10.18"]
[Round "1"]
[White "Emerchess"]
[Black "Dulap"]
[WhiteElo "1990"]
[BlackElo "999"]
[Result "1-0"]
[Round "1"]
1.e4 e5
2.Ng1f3 Nb8c6
3.Bf1b5 a6
4.Bb5a4 Ng8f6
5.O-O b5
6.Ba4b3 Bf8e7
7.d3 d6
8.Bc1g5 O-O
9.c3 h6
10.Bg5h4 Bc8g4
11.Nb1d2 Nc6a5
12.Bb3c2 c5
13.Ra1c1 Na5c6
14.Bc2b1 Qd8b6
15.Qd1c2 Ra8c8
16.h3 Bg4h5
17.Nf3h2 Rf8e8
18.f4 exf4
19.Rf1xf4 g5
20.d4 gxf4
21.e5 dxe5
22.dxe5 Nc6xe5
23.Bh4xf6 Qb6xf6
24.Qc2h7 Kf8
25.Nd2e4 Qf6g6
26.Qh7h8 Qg6g8
27.Qh8xh6 { resign }
1-0

[Event "Tourn. n8397"]
[Site "www.chess-mail.com"]
[Date "2015.10.18"]
[Round "1"]
[White "Louis"]
[Black "Attatroll"]
[WhiteElo "1870"]
[BlackElo "1920"]
[Result "1-0"]
[Round "1"]
1.e4 e6
2.d4 d5
3.Nb1c3 dxe4
4.Nc3xe4 Bc8d7
5.Ng1f3 Bd7c6
6.Bf1d3 Bc6xe4
7.Bd3xe4 c6
8.O-O Bf8d6
9.c4 Ng8f6
10.Be4c2 O-O
11.Bc1d2 Nb8d7
12.h3 Qd8c7
13.Rf1e1 c5
14.dxc5 Bd6xc5
15.Qd1e2 Rf8d8
16.Bd2c3 Ra8c8
17.b4 Bc5e7
18.Bc2b3 Nd7b6
19.Nf3e5 Be7d6
20.Ne5xf7 Kxf7
21.Qe2xe6 Kf8
22.Bc3xf6 gxf6
23.c5 Bd6h2
24.Kh1 Kg7
25.cxb6 axb6
26.Ra1c1 Qc7d6
27.Qe6g4 Kh8
28.Rc1xc8 { resign }
1-0

[Event "Tourn. n8404"]
[Site "www.chess-mail.com"]
[Date "2015.10.18"]
[Round "1"]
[White "Amaya"]
[Black "Terrible"]
[WhiteElo "2020"]
[BlackElo "2270"]
[Result "0-1"]
[Round "1"]
1.d4 d5
2.e3 Ng8f6
3.Bf1d3 g6
4.f4 Bf8g7
5.Ng1f3 O-O
6.O-O Nb8d7
7.Nb1d2 c5
8.c3 b6
9.Nf3e5 Bc8b7
10.Qd1f3 Qd8c7
11.a3 Ra8c8
12.b4 cxd4
13.cxd4 Qc7c3
14.Ra1b1 Nd7xe5
15.fxe5 Qc3xd3
16.exf6 Bg7xf6
17.Rb1b3 Qd3c2
18.Rb3b1 Qc2a4
19.Bc1b2 Rc8c2
20.Rf1f2 Bf6h4
21.Rf2e2 Bb7a6
22.g3 Ba6xe2
23.Qf3xe2 Bh4g5
24.Qe2d3 Qa4c6
25.Nd2f3 Bg5f6
26.Nf3e1 Rc2c4
27.e4 dxe4
{ resign }
0-1

[Event "Tourn. n8412"]
[Site "www.chess-mail.com"]
[Date "2015.10.18"]
[Round "1"]
[White "Gegonz"]
[Black "Vinvangogh"]
[WhiteElo "1770"]
[BlackElo "1600"]
[Result "0-1"]
[Round "1"]
1.Ng1f3 Ng8h6
2.b3 d5
3.e3 Nh6g4
4.Bc1b2 e5
5.Nf3xe5 Ng4xe5
6.Bb2xe5 f6
7.Be5b2 h5
8.c4 Bc8g4
9.Bf1e2 f5
 { time }
0-1

[Event "Tourn. n8380"]
[Site "www.chess-mail.com"]
[Date "2015.10.18"]
[Round "1"]
[White "Madz123456"]
[Black "Vasylpuzanov"]
[WhiteElo "2240"]
[BlackElo "2290"]
[Result "1-0"]
[Round "1"]
1.e4 e5
2.Ng1f3 Nb8c6
3.Bf1c4 Ng8f6
4.Nf3g5 d5
5.exd5 Nc6a5
6.Bc4b5 c6
7.dxc6 bxc6
8.Bb5e2 h6
9.Ng5f3 e4
10.Nf3e5 Bf8d6
11.f4 O-O
12.Nb1c3 Qd8e7
13.O-O Bd6xe5
14.fxe5 Qe7xe5
15.d4 Qe5e7
16.Qd1e1 Na5b7
17.Qe1g3  { time }
1-0

[Event "Tourn. n8399"]
[Site "www.chess-mail.com"]
[Date "2015.10.18"]
[Round "1"]
[White "Bojan"]
[Black "Awfen"]
[WhiteElo "1950"]
[BlackElo "2000"]
[Result "0-1"]
[Round "1"]
1.e4 Nb8c6
2.Ng1f3 f5
3.e5 d6
4.exd6 cxd6
5.c3 Ng8f6
6.d4 e6
7.Bf1b5 Bc8d7
8.Nf3g5 Bf8e7
9.Bc1f4 O-O
10.Bb5c4 d5
11.Bc4b3 Nc6a5
12.Bb3c2 Na5c4
13.b3 Nc4d6
14.Ng5f3 Nd6f7
15.O-O Nf6h5
16.Bf4e3 f4
17.Qd1d3 g6
18.Be3d2 a6
19.g4 Nh5f6
20.h3 Be7d6
21.Nf3h4 Nf6e4
22.Qd3f3 Ne4xd2
23.Nb1xd2 Qd8xh4
24.c4 Nf7g5
25.Qf3g2 Ng5xh3
26.Kh1 Nh3xf2
27.Kg1 Nf2h3
28.Kh1 e5
29.Nd2f3 Qh4h6
30.dxe5 Bd6c7
31.cxd5 Nh3g5
32.Kg1 Bc7b6
33.Rf1f2 Ng5h3
34.Kf1 Bb6xf2
35.Ke2 Bd7b5
36.Kd2 Bf2e3
37.Kc3 Nh3g5
38.a4 Bb5d7
39.Nf3xg5 Qh6xg5
40.Kc4 Qg5xe5
41.Ra1d1 Ra8c8
42.Kd3 Qe5d4
43.Ke2 Rc8xc2
{ resign }
0-1

[Event "Tourn. n8372"]
[Site "www.chess-mail.com"]
[Date "2015.10.18"]
[Round "1"]
[White "Jhw"]
[Black "Falcoale"]
[WhiteElo "1910"]
[BlackElo "1940"]
[Result "1-0"]
[Round "1"]
1.Ng1f3 c5
2.c4 Nb8c6
3.e3 e6
4.Nb1c3 a6
5.a3 Ng8f6
6.d3 d5
7.cxd5 exd5
8.Bc1d2 d4
9.Nc3a2 Bc8g4
10.exd4  { time }
1-0

[Event "Match"]
[Site "www.echecsemail.com"]
[Date "2015.10.18"]
[Round "1"]
[White "Bojan"]
[Black "Mitja"]
[WhiteElo "2040"]
[BlackElo "1980"]
[Result "1-0"]
[Round "1"]
1.e4 d5
2.exd5 Qd8xd5
3.Nb1c3 Qd5d8
4.Bf1c4 e6
5.d4 c6
6.Ng1f3 h6
7.Bc1f4 Ng8f6
8.Qd1d3 Nb8d7
9.a3 Nd7b6
10.b4 Nb6xc4
11.Qd3xc4 Bf8e7
12.b5 Bc8d7
13.a4 O-O
14.Nf3e5 cxb5
15.axb5 Qd8b6
16.Ne5xd7 Nf6xd7
17.Qc4d3 Be7f6
18.Bf4e3 Rf8d8
19.Nc3e4 Qb6c7
20.c4 b6
21.Ra1c1 Ra8c8
22.O-O Bf6e7
23.Rc1c2 Nd7f6
24.g3 Qc7b7
25.Ne4xf6 Be7xf6
26.Rf1d1 Rc8c7
27.Be3f4 Rc7d7
28.Qd3b3 Rd7xd4
29.Rd1xd4 Rd8xd4
30.Rc2a2 Qb7d7
31.h3 Rd4d1
32.Kh2 Qd7d4
33.Bf4e3 Qd4d7
34.Kg2 Qd7b7
35.f3 Rd1d7
36.h4 h5
37.Ra2d2 Rd7c7
38.Be3f4 Rc7c8
39.Rd2d6 Bf6e7
40.Rd6d4 Be7c5
41.Rd4d3 f6
42.Qb3d1 Qb7a8
43.Rd3d7 e5
44.Bf4c1 Kh8
45.Qd1d3 Rc8g8
46.Qd3g6 Qa8e8
47.Qg6f5 Bc5e7
48.Rd7xe7 { resign }
1-0

[Event "Match"]
[Site "www.echecsemail.com"]
[Date "2015.10.18"]
[Round "1"]
[White "Jhw"]
[Black "Pare123"]
[WhiteElo "1900"]
[BlackElo "2010"]
[Result "1-0"]
[Round "1"]
1.c4 e6
2.Ng1f3 Nb8c6
3.e3 Ng8f6
4.Nb1c3 a6
5.d4 Bf8b4
6.Bc1d2 O-O
7.Qd1c2 Rf8e8
8.Bf1d3 h6
9.a3 Bb4xc3
10.Bd2xc3 d6
11.b4 Nc6e7
12.e4 b6
13.e5 Nf6d7
14.Nf3h4 d5
15.Bd3h7 Kf8
16.c5 g6
17.Nh4xg6 Ne7xg6
18.Bh7xg6 fxg6
19.Qc2xg6 Qd8e7
20.Qg6xh6 Qe7g7
21.Qh6f4 Ke7
22.Qf4h4 Kf8
23.Bc3d2 Kg8
24.O-O Nd7f8
25.Bd2h6 Qg7h7
26.Ra1e1 Re8e7
27.Re1e3 Nf8g6
28.Re3g3 Re7g7
29.Qh4d8 Kf7
30.Rg3f3 { resign }
1-0

[Event "Match"]
[Site "www.echecsemail.com"]
[Date "2015.10.18"]
[Round "1"]
[White "Jhw"]
[Black "Mdesouza"]
[WhiteElo "1900"]
[BlackElo "2220"]
[Result "0-1"]
[Round "1"]
1.c4 Ng8f6
2.Ng1f3 g6
3.e3 Bf8g7
4.d4 d6
5.b4 c5
6.a3 cxb4
7.axb4 O-O
8.Nb1c3 Nb8c6
9.b5 Nc6b8
10.Bf1d3 a5
11.Nc3a4 Nb8d7
12.h3 b6
13.Bc1b2 Bc8b7
14.O-O Ra8c8
15.Ra1c1 Nf6e4
16.Bd3xe4 Bb7xe4
17.Nf3g5 Be4a8
18.f4 e5
19.dxe5 dxe5
20.Qd1d6 exf4
21.Rf1xf4 Qd8xg5
22.g4 Bg7xb2
23.Na4xb2 Qg5e5
24.Qd6xe5 Nd7xe5
25.Kf2 Rf8d8
26.Nb2a4 Ne5d3
{ resign }
0-1

[Event "Match"]
[Site "www.echecsemail.com"]
[Date "2015.10.18"]
[Round "1"]
[White "Bojan"]
[Black "Mitja"]
[WhiteElo "2040"]
[BlackElo "1980"]
[Result "1-0"]
[Round "1"]
1.c3 d5
2.Ng1f3 e6
3.Qd1c2 c6
4.b3 h6
5.Bc1b2 Bf8d6
6.e4 dxe4
7.Qc2xe4 Qd8e7
8.c4 Ng8f6
9.Qe4h4 Nb8d7
10.d3 Bd6b4
11.Nb1d2 b6
12.Bf1e2 Bb4xd2
13.Nf3xd2 Bc8b7
14.f3 c5
15.O-O-O O-O-O
16.Nd2e4 Rh8g8
17.Qh4f4 Nf6xe4
18.fxe4 Bb7c6
19.Rd1d2 f6
20.Be2g4 Nd7e5
21.Bb2xe5 fxe5
22.Qf4xe5 Bc6d7
23.d4 cxd4
24.Rd2xd4 Rg8f8
25.Bg4f3 Qe7a3
26.Kb1 Qa3e7
27.Rh1d1 Rf8f7
28.Kb2 Rf7f8
29.Qe5g3 Qe7f6
30.Kc2 e5
31.Rd4d6 Qf6e7
32.Qg3f2 Bd7e6
33.Rd6xd8 Rf8xd8
34.Rd1xd8 Qe7xd8
35.h3 Qd8e7
36.Kb2 Qe7d6
37.Qf2e2 Qd6d4
38.Kb1 Kc7
39.Qe2d1 Qd4c5
40.Bf3g4 Be6xg4
41.Qd1xg4 Qc5e7
42.Qg4d1 Qe7d6
43.Qd1d5 Qd6e7
44.g4 g5
45.Kb2 Qe7e8
46.a3 Qe8e7
47.b4 Qe7d6
48.Kc3 Qd6xd5
49.exd5 Kd6
50.Kd3 a6
51.Ke4 a5
52.c5 bxc5
53.bxc5 Kxc5
54.Kxe5 a4
55.Ke6 { resign }
1-0

[Event "Match"]
[Site "www.echecsemail.com"]
[Date "2015.10.18"]
[Round "1"]
[White "Irene"]
[Black "Stevo100"]
[WhiteElo "2000"]
[BlackElo "1830"]
[Result "1-0"]
[Round "1"]
1.d4 Ng8f6
2.Nb1c3 e6
3.Bc1g5 h6
4.Bg5h4 c5
5.Ng1f3 cxd4
6.Qd1xd4 g5
7.Bh4g3  { time }
1-0

[Event "Match"]
[Site "www.echecsemail.com"]
[Date "2015.10.18"]
[Round "1"]
[White "Wagner"]
[Black "Jhw"]
[WhiteElo "1690"]
[BlackElo "2039"]
[Result "1-0"]
[Round "1"]
1.e4 e5
2.c4 Ng8f6
3.f3 Bf8c5
4.Ng1h3 d6
5.d3 c6
6.Bc1d2 Nf6h5
7.Bf1e2 Bc8xh3
8.g3 Bh3g2
9.Rh1f1 Bg2xf1
10.Be2xf1 a5
11.Nb1c3 b5
12.cxb5 cxb5
13.Nc3xb5 Qd8b6
14.Qd1a4 Nb8d7
15.Bf1h3 O-O
16.Bh3xd7 Bc5e3
17.Ke2 Be3xd2
18.Kxd2 Qb6f2
19.Kc3 Qf2xh2
20.f4 Qh2xg3
21.Nb5xd6 Nh5xf4
22.Bd7b5 Qg3e3
23.Ra1d1 Rf8d8
24.Nd6f5 Ra8c8
25.Kb3 Qe3c5
26.Qa4xa5 Rc8a8
27.Qa5b4 Qc5xb4
28.Kxb4 g6
29.Nf5e7 Kg7
30.a3 Rd8d4
31.Kb3 Nf4e6
32.Ka2 Ne6c5
33.Ne7c6 Rd4d6
34.Nc6xe5 Nc5xe4
35.Rd1e1 Ne4d2
36.Re1e2 Rd6d5
37.Bb5c6 Rd5xe5
38.Re2xe5 Ra8c8
39.Re5c5 Rc8b8
40.b4 h5
41.b5 Rb8d8
42.Rc5d5 Rd8b8
43.a4 f5
44.a5 f4
45.Rd5d7 Kh6
46.a6 Rb8f8
47.a7 f3
48.Rd7f7 Rf8xf7
49.a8Q f2
50.Bc6g2 Rf7d7
51.b6 Rd7xd3
52.b7 Nd2c4
53.b8Q Rd3d2
54.Kb3 { resign }
1-0

[Event "Match"]
[Site "www.echecsemail.com"]
[Date "2015.10.18"]
[Round "1"]
[White "Eman85"]
[Black "Witpar"]
[WhiteElo "2350"]
[BlackElo "2600"]
[Result "0-1"]
[Round "1"]
1.e4 e6
2.d4 d5
3.Nb1c3 Ng8f6
4.e5 Nf6d7
5.Ng1f3 c5
6.Bc1g5 Qd8b6
7.dxc5 Nd7xc5
8.Ra1b1 a6
9.Bf1e2 Nb8c6
10.O-O Qb6c7
11.Qd1d2 b5
12.a3 Bc8b7
13.Bg5f4 Ra8d8
14.b4 Nc5e4
15.Qd2e3 Nc6e7
16.Rb1b3 Ne7f5
17.Qe3d3 Rd8c8
18.Nc3d1 Qc7xc2
19.Nd1e3 Qc2xd3
20.Be2xd3 Nf5e7
21.Ne3c2 Ne7g6
22.Bf4e3 f6
23.exf6 gxf6
24.Nc2d4 Kf7
25.Rf1e1 Ne4d6
26.Bd3b1 e5
27.Nd4f5 d4
28.Be3d2 Bb7d5
29.Nf5xd6 Bf8xd6
30.Rb3b2 h5
31.Rb2c2 Rc8xc2
32.Bb1xc2 Rh8g8
33.Kh1 Bd6c7
34.Bc2d3 Bc7b6
35.Bd3c2 Rg8e8
36.Bc2f5 e4
37.h3 e3
38.fxe3 dxe3
39.Bf5xg6 Kxg6
40.Bd2c3 Bd5xf3
41.gxf3 Re8c8
42.Re1g1 Kf5
43.Bc3b2 Rc8c2
44.Bb2c1 e2
45.Rg1e1 Bb6f2
{ resign }
0-1

[Event "Match"]
[Site "www.echecsemail.com"]
[Date "2015.10.18"]
[Round "1"]
[White "Cristiano"]
[Black "Emerchess"]
[WhiteElo "2010"]
[BlackElo "1299"]
[Result "1-0"]
[Round "1"]
1.e4 c6
2.d4 d5
3.exd5 cxd5
4.c4 dxc4
5.Bf1xc4 Ng8f6
6.Bc1e3 e6
7.Ng1f3 Bf8b4
8.Nb1c3 Nf6e4
9.Qd1c2 Qd8a5
10.Be3d2 Ne4xd2
11.Nf3xd2 Nb8d7
12.a3 Bb4e7
13.O-O O-O
14.b4 Qa5c7
15.Bc4d3 Nd7f6
16.Ra1c1 Kh8
17.Nd2f3 h6
18.Nc3e4 Qc7xc2
19.Rc1xc2 Bc8d7
20.Rf1e1 Ra8c8
21.Re1c1 Rc8xc2
22.Rc1xc2 Rf8c8
23.Rc2xc8 Bd7xc8
24.Ne4c5 b6
25.Nc5a4 Bc8b7
26.Nf3e5 Kg8
27.f3 Bb7a8
28.Na4c3 Ba8b7
29.Kf2 Kf8
30.Bd3b5 Nf6d5
31.Ne5d7 Kg8
32.Nc3e2 a5
33.bxa5 bxa5
34.a4 Be7b4
35.Nd7c5 Bb7c8
36.h3 Kf8
37.Nc5d3 Ke7
38.f4 Bb4c3
39.h4 Bc3b4
40.g3 Bc8d7
41.Nd3e5 Bd7xb5
42.axb5 Bb4d6
43.Ne5c6 Kd7
44.Nc6xa5 Bd6c7
45.Na5c4 f6
46.Kf3 Nd5b6
47.Nc4d2 Kd6
48.Ke4 g6
49.Ne2c3 g5
50.hxg5 hxg5
51.fxg5 fxg5
52.g4 Nb6d5
53.Nd2c4 Ke7
54.Nc3xd5 exd5
55.Kxd5 Bc7b8
56.Kc6 Kd8
57.d5 Kc8
58.d6 Kd8
59.b6 Kc8
60.Nc4e5 Bb8c7
61.d7 { resign }
1-0

[Event "Fast Game"]
[Site "www.echecsemail.com"]
[Date "2015.10.18"]
[Round "1"]
[White "Kurush550"]
[Black "Mitja"]
[WhiteElo "1599"]
[BlackElo "1670"]
[Result "1-0"]
[Round "1"]
1.d4 d5
2.Ng1f3 h6
3.e3 e6
4.Bf1d3 Ng8f6
5.O-O a6
6.Nf3e5 Nb8d7
7.f4 Nd7xe5
8.fxe5 Nf6d7
9.Qd1g4 Nd7b6
10.b3 c6
11.Bc1a3 g5
12.Qg4f3 Qd8d7
13.Qf3f6 Rh8g8
14.Ba3xf8 Rg8xf8
15.Qf6xh6 Qd7e7
16.Nb1d2 Bc8d7
17.a4 O-O-O
18.Qh6f6 Qe7b4
19.Qf6f2 Qb4e7
20.a5 Nb6a8
21.c4 dxc4
22.bxc4 Na8c7
23.Nd2e4 Nc7e8
24.Rf1b1 Ne8g7
25.Ne4d6 Kb8
26.Rb1xb7 Ka8
27.Qf2b2 Rd8b8
28.Ra1b1 Qe7d8
29.c5 Ng7f5
30.Nd6xf5 exf5
31.Bd3xa6 { resign }
1-0

[Event "Tourn. n8405"]
[Site "www.chess-mail.com"]
[Date "2015.10.19"]
[Round "1"]
[White "Liencam2"]
[Black "Xkafi"]
[WhiteElo "2260"]
[BlackElo "2030"]
[Result "1-0"]
[Round "1"]
1.e4 e5
2.d4 Nb8c6
3.Ng1f3 exd4
4.Nf3xd4 Qd8h4
5.Nb1c3 Bf8b4
6.Bf1e2 Ng8f6
7.O-O d6
8.Nc3b5 Bb4a5
9.Nd4xc6 bxc6
10.Nb5xd6 cxd6
11.Qd1xd6 Bc8d7
12.Qd6e5 Bd7e6
13.Qe5xa5 O-O
14.Bc1g5 Qh4xe4
15.Bg5xf6 Qe4xe2
16.Qa5g5 g6
17.Qg5h6 { resign }
1-0

[Event "Tourn. n8417"]
[Site "www.chess-mail.com"]
[Date "2015.10.19"]
[Round "1"]
[White "Vinvangogh"]
[Black "Goosebumps"]
[WhiteElo "1590"]
[BlackElo "1699"]
[Result "0-1"]
[Round "1"]
1.Nb1c3 d5
2.e4 d4
3.Nc3d5 c6
4.Nd5b4 e5
5.Ng1f3 Bf8xb4
6.Bf1c4 Bc8g4
7.O-O Qd8f6
8.d3 Bg4xf3
9.gxf3 Ng8e7
10.c3 dxc3
11.Qd1c2 Ne7g6
12.Qc2e2 Ng6h4
13.bxc3 Qf6g6
14.Bc1g5 Qg6xg5
{ resign }
0-1

[Event "Tourn. n8384"]
[Site "www.chess-mail.com"]
[Date "2015.10.19"]
[Round "1"]
[White "Xkafi"]
[Black "Vasylpuzanov"]
[WhiteElo "2040"]
[BlackElo "2290"]
[Result "1-0"]
[Round "1"]
1.e4 c5
2.Bf1c4 Ng8f6
3.d3 Nb8c6
4.c3 e5
5.Bc1g5 d6
6.h3 Bf8e7
7.Qd1f3 O-O
8.Bc4b3 Bc8e6
9.Nb1d2 Nf6xe4
10.Bg5xe7 Ne4xd2
11.Be7xd8 Nd2xf3
12.Ng1xf3 Ra8xd8
13.Nf3g5 Be6xb3
14.axb3 a6
15.Ng5e4 f5
16.Ne4g5 Rd8e8
17.O-O h6
18.Ng5f3 d5
19.Nf3h4 e4
{ time. }
1-0

[Event "Tourn. n8376"]
[Site "www.chess-mail.com"]
[Date "2015.10.19"]
[Round "1"]
[White "Madz123456"]
[Black "Tartan"]
[WhiteElo "2220"]
[BlackElo "2490"]
[Result "1-0"]
[Round "1"]
1.e4 e6
2.d4 d5
3.Nb1c3 Bf8b4
4.e5 Qd8d7
5.Qd1g4 f5
6.Qg4h5 Qd7f7
7.Qh5xf7 Kxf7
8.Bc1d2 c5
9.Nc3b5 Bb4xd2
10.Kxd2 Nb8c6
11.dxc5 Nc6xe5
12.Ra1e1 Ne5g6
13.Nb5d6 Kf8
14.Ng1f3 Bc8d7
15.Nf3d4 e5
16.Bf1b5 Bd7xb5
17.Nd4xb5 Ng8e7
18.f4 e4
19.g3 Kg8
20.Nd6xb7 Ra8b8
21.Nb7d6 { resign }
1-0

[Event "Tourn. n8361"]
[Site "www.chess-mail.com"]
[Date "2015.10.19"]
[Round "1"]
[White "Ochoreales"]
[Black "Louis"]
[WhiteElo "2070"]
[BlackElo "1850"]
[Result "1-0"]
[Round "1"]
1.e4 e5
2.Ng1f3 Ng8f6
3.Nf3xe5 d6
4.Ne5xf7 Kxf7
5.Bf1c4 d5
6.exd5 Bf8d6
7.Nb1c3 Rh8e8
8.Bc4e2 c6
9.dxc6 Nb8xc6
10.O-O Kg8
11.d4 Nc6xd4
12.Be2c4 Bc8e6
13.Bc4xe6 Nd4xe6
14.Qd1f3 Qd8c7
15.g3 Ne6d4
16.Qf3d3 Qc7c5
17.Bc1e3 Nd4f3
18.Kg2 Qc5c6
19.Qd3d1 Nf3e1
20.Kh3 Qc6g2
21.Kh4 { resign }
1-0

[Event "Tourn. n8392"]
[Site "www.chess-mail.com"]
[Date "2015.10.19"]
[Round "1"]
[White "Libiesse"]
[Black "Jhw"]
[WhiteElo "2090"]
[BlackElo "1930"]
[Result "0-1"]
[Round "1"]
1.d4 c5
2.d5 Ng8f6
3.c4 e6
4.Nb1c3 exd5
5.cxd5 a6
6.Bc1g5 b5
7.a3 h6
8.Bg5h4 g5
9.Bh4g3 d6
10.f3 Bf8g7
11.e4 Nf6h5
12.Bg3f2 Qd8a5
13.Qd1c1 f5
14.Bf1d3 Nh5f4
15.Bd3e2 Nf4xg2
16.Kf1 Ng2f4
17.Bf2g3 Nf4xe2
18.Ng1xe2 f4
19.Bg3f2 Bc8h3
20.Ke1 Nb8d7
{ resign }
0-1

[Event "Tourn. n8416"]
[Site "www.chess-mail.com"]
[Date "2015.10.19"]
[Round "1"]
[White "Comrade"]
[Black "Mitja"]
[WhiteElo "2070"]
[BlackElo "2000"]
[Result "0-1"]
[Round "1"]
1.d4 d5
2.c4 dxc4
3.Ng1f3 e6
4.Nb1c3 c6
5.e4 h6
6.Bf1xc4 Nb8d7
7.O-O Nd7b6
8.Bc4b3 Ng8e7
9.Bc1f4 Ne7g6
 { time }
0-1

[Event "Tourn. n8371"]
[Site "www.chess-mail.com"]
[Date "2015.10.19"]
[Round "1"]
[White "Huw"]
[Black "Passaroa25"]
[WhiteElo "1439"]
[BlackElo "1670"]
[Result "1-0"]
[Round "1"]
1.d4 c6
2.c4 d6
3.Ng1f3 f6
4.Nb1c3 Nb8d7
5.g3 Nd7b6
6.b3 e5
7.dxe5 dxe5
8.Qd1xd8 Kxd8
9.Bf1g2 Bf8b4
10.Bc1b2 Bc8e6
11.O-O-O Nb6d7
12.Nc3e4 Kc7
13.a3 Bb4e7
14.Rd1d2 Ra8d8
15.Rh1d1 Ng8h6
16.h3 Kb8
17.g4 g5
18.Ne4g3 Nd7c5
19.Kc2 Nc5d7
20.a4 Be7b4
21.Bb2c3 a5
22.Bc3xb4 axb4
23.Rd2d6 Nd7c5
24.Rd6xd8 Rh8xd8
25.Rd1xd8 Ka7
26.Ng3h5 Kb6
27.Nf3d2 Be6f7
28.Nh5xf6 Kc7
29.Rd8h8 Bf7g6
30.e4 Kb6
31.Rh8a8 Nc5a6
32.Nf6d7 Kc7
33.Nd7xe5 Bg6xe4
34.Nd2xe4 b6
35.Ra8a7 Kb8
36.Ne5xc6 { resign }
1-0

[Event "Tourn. n8350"]
[Site "www.chess-mail.com"]
[Date "2015.10.19"]
[Round "1"]
[White "Hundegana"]
[Black "Panamski"]
[WhiteElo "1960"]
[BlackElo "2080"]
[Result "0-1"]
[Round "1"]
1.e4 c6
2.f4 d5
3.e5 Bc8f5
4.Bf1d3 Bf5xd3
5.cxd3 e6
6.g3 Qd8b6
7.Qd1e2 Bf8c5
8.Ng1f3 Ng8e7
9.a3 a5
10.Nb1c3 a4
11.d4 Bc5xd4
12.Nf3xd4 Qb6xd4
13.Qe2f2 Qd4xf2
14.Kxf2 h5
15.h4 Ne7f5
16.Nc3e2 c5
17.Ra1b1 Nb8c6
18.d3 d4
19.Bc1d2 Kd7
20.Rb1c1 b6
21.Rc1g1 g6
22.Kf3 Nc6e7
23.g4 hxg4
24.Rg1xg4 Rh8h7
25.Ne2g3 Ra8h8
26.h5 gxh5
27.Rg4g5 h4
28.Ng3e4 Ne7d5
29.Rh1h3 Rh7h5
30.Rg5xh5 Rh8xh5
31.Ne4f6 Nd5xf6
32.exf6 Rh5h6
33.Bd2e1 Rh6xf6
34.Be1f2 Rf6h6
35.Bf2g1 Ke7
36.Rh3h2 Rh6g6
37.Bg1f2 Kd6
38.Ke2 Rg6g4
39.Kf3 Rg4g6
40.Rh2h3 Kd5
41.Rh3h1 b5
42.Rh1b1 h3
43.Rb1h1 Rg6h6
44.Ke2 h2
45.Kf3 Rh6h3
46.Ke2 c4
47.dxc4 bxc4
48.Bf2e1 Ke4
49.Be1d2 Nf5g3
50.Kf2 Ng3xh1
51.Kg2 Nh1f2
52.Kxf2 h1Q
53.f5 Qh1f3
54.Ke1 Rh3h1

0-1

[Event "Tourn. n8420"]
[Site "www.chess-mail.com"]
[Date "2015.10.19"]
[Round "1"]
[White "Pinehill"]
[Black "Emerchess"]
[WhiteElo "2020"]
[BlackElo "1939"]
[Result "1-0"]
[Round "1"]
1.e4 c6
2.d4 d5
3.Nb1d2 dxe4
4.Nd2xe4 Nb8d7
5.Ng1f3 Ng8f6
6.Bf1d3 Nf6xe4
7.Bd3xe4 Nd7f6
8.Qd1e2 Bc8g4
9.O-O Nf6xe4
10.Qe2xe4 Bg4xf3
11.Qe4xf3 Qd8xd4
12.Rf1d1 Qd4b6
13.Bc1e3 Qb6c7
14.Be3f4 Qc7b6
15.b3 e6
16.c4 Bf8e7
17.Bf4d6 Be7xd6
18.Rd1xd6 O-O
19.Ra1d1 Rf8d8
20.Rd6d7 Rd8xd7
21.Rd1xd7 Ra8f8
22.Qf3f4 Qb6a5
23.g3 Qa5b6
24.Qf4d6 Qb6a5
25.Rd7xb7 Qa5e1
26.Kg2 Qe1e4
27.Kf1 Qe4b1
28.Ke2 Qb1xa2
29.Kf3 Qa2a1
30.Rb7b8 Qa1h1
31.Ke2 Qh1e4
32.Kd2 Qe4d4
33.Qd6xd4 Rf8xb8
34.Qd4xa7 Rb8d8
35.Ke3 g6
36.b4 Rd8d1
37.b5 cxb5
38.cxb5 { resign }
1-0

[Event "Tourn. n8370"]
[Site "www.chess-mail.com"]
[Date "2015.10.19"]
[Round "1"]
[White "Amaya"]
[Black "Gegonz"]
[WhiteElo "1920"]
[BlackElo "1900"]
[Result "1-0"]
[Round "1"]
1.d4 Ng8f6
2.e3 e6
3.Bf1d3 d5
4.Nb1d2 Bf8b4
5.c3 Bb4d6
6.f4 c5
7.Ng1f3 Nb8c6
8.O-O O-O
9.Nf3e5 c4
10.Bd3c2 Bc8d7
11.Qd1f3 b5
12.g4 g6
13.g5 Nf6h5
14.Qf3h3 Nc6xe5
15.dxe5 Bd6c5
16.Bc2d1 Nh5g7
17.Rf1f3 Qd8b6
18.Nd2f1 Ng7f5
19.Bd1c2 a5
20.Bc2xf5 exf5
21.Qh3h6 f6
22.Rf3h3 Rf8f7
23.gxf6 Bc5f8
24.Qh6g5 b4
25.Nf1d2 Bf8c5
26.Nd2f1 Bd7e6
27.Kf2 a4
28.Nf1g3  { time }
1-0

[Event "Tourn. n8358"]
[Site "www.chess-mail.com"]
[Date "2015.10.19"]
[Round "1"]
[White "Julian"]
[Black "Neo"]
[WhiteElo "1800"]
[BlackElo "1750"]
[Result "1/2-1/2"]
[Round "1"]
1.e4 e6
2.d4 c6
3.c4 Bf8b4
4.Bc1d2 Bb4xd2
5.Nb1xd2 h6
6.Ng1f3 Ng8f6
7.e5 Nf6h5
8.Bf1d3 O-O
9.O-O d5
10.cxd5 cxd5
11.Rf1e1 Nb8c6
12.Nd2f1 Nh5f4
13.Bd3b1 Nc6b4
14.a3 Nb4c6
15.Nf1g3 a5
16.Qd1c2 g6
17.h4 h5
18.Ng3e2 Nf4xe2
19.Re1xe2 b6
20.Qc2d3 Bc8a6
21.Qd3e3 Ba6xe2
22.Qe3xe2 Nc6e7
23.Nf3g5 Ne7f5
24.Bb1xf5 exf5
25.f3 Qd8d7
26.Ra1c1 Rf8c8
27.Rc1xc8 Ra8xc8
28.e6 Rc8c1
29.Kh2 Qd7d6
30.g3 fxe6
31.Qe2b5 Rc1c2
32.Kh3 Rc2c8
33.Qb5e2 Rc8e8
34.g4 fxg4
35.fxg4 Re8f8
36.gxh5 Qd6f4
37.hxg6 Qf4f5
38.Qe2g4 Qf5f1
39.Qg4g2 Qf1f5
40.Qg2g4 Qf5d3
41.Kg2 Qd3f1
42.Kg3 Qf1g1
43.Kh3 Qg1h1
44.Kg3 Qh1e1
45.Kh3 { draw }
1/2-1/2

[Event "Tourn. n8381"]
[Site "www.chess-mail.com"]
[Date "2015.10.19"]
[Round "1"]
[White "Cheminet"]
[Black "Huw"]
[WhiteElo "1600"]
[BlackElo "1639"]
[Result "0-1"]
[Round "1"]
1.e4 e5
2.Ng1f3 Nb8c6
3.Bf1c4 Bf8c5
4.b4 Bc5xb4
5.c3 Bb4a5
6.O-O Ng8f6
7.d4 O-O
8.Bc1a3 d6
9.dxe5 Nf6xe4
10.Qd1e1 Bc8f5
11.Qe1e3 Rf8e8
12.exd6 Ne4xd6
13.Qe3c5 Ba5b6
14.Bc4xf7 Kxf7
15.Qc5d5 Kg6
16.Nb1d2 Nd6f7
17.c4 Qd8xd5
18.cxd5 Nc6d4
19.Nf3xd4 Bb6xd4
20.Ra1c1 Bd4b6
21.Kh1 Bf5d3
22.Rf1d1 Bd3e2
{ resign }
0-1